Imiona z dwiema samogłoskami obok siebie - Statystyki

Ogólne statystyki
  • Ten quiz został rozwiązany 3 160 razy
  • Średni wynik to 14 z 40
Statystyki odpowiedzi
Liczba osób Płeć Imię % Poprawnych
692120 Mężczyzna Piotr
66%
594197 Kobieta Maria
59%
404892 Kobieta Joanna
55%
303234 Kobieta Julia
54%
376449 Mężczyzna Mateusz
47%
223901 Kobieta Paulina
46%
314773 Kobieta Natalia
45%
288344 Mężczyzna Mariusz
44%
203468 Kobieta Wiktoria
43%
373092 Kobieta Zofia
43%
548636 Kobieta Agnieszka
41%
156058 Kobieta Oliwia
40%
285899 Mężczyzna Dariusz
39%
280756 Kobieta Beata
38%
133889 Mężczyzna Marian
38%
85550 Kobieta Daria
36%
267785 Mężczyzna Maciej
35%
121159 Kobieta Amelia
33%
125366 Mężczyzna Bartłomiej
33%
159330 Kobieta Emilia
33%
138643 Kobieta Klaudia
33%
334615 Mężczyzna Wojciech
33%
148515 Mężczyzna Adrian
32%
420102 Kobieta Elżbieta
32%
183970 Mężczyzna Damian
30%
140276 Mężczyzna Wiesław
30%
205066 Mężczyzna Tadeusz
29%
169087 Mężczyzna Daniel
28%
133051 Kobieta Gabriela
28%
182687 Kobieta Sylwia
28%
121290 Kobieta Marianna
26%
185795 Mężczyzna Sebastian
26%
267089 Mężczyzna Zbigniew
24%
111360 Mężczyzna Krystian
22%
106801 Kobieta Wiesława
22%
148424 Mężczyzna Kazimierz
21%
83109 Kobieta Lidia
21%
78995 Mężczyzna Mieczysław
21%
133846 Mężczyzna Arkadiusz
20%
82314 Kobieta Mariola
16%
Nie znaleziono quizów pasujących do podanych kryteriów
Rozkład punktacji
Procent ludzi z każdym wynikiem
Percentyl według liczby udzielonych odpowiedzi
Twoja historia wyników
Nie rozwiązałeś tego quizu